O Rapaz e o Robô (Registo nº 33471)

Detalhes MARC
000 -Etiqueta do registo
Valores 00650nam a2200241 4500
010 ## - Número ISBN
ISBN 9789720728661
021 ## - Número do Depósito Legal
-- PT
090 ## -
-- 33471
100 ## - Dados gerais de processamento
Dados gerais 20210412 frey50
101 ## - Língua de publicação
-- por
200 ## - Titulo e menção de responsabilidade
Título próprio O Rapaz e o Robô
Primeira menção de responsabilidade Luísa Ducla Soares
Outras menções de responsabilidade Rodrigo Folgueira
205 ## - Menção da edição
Edição !.ª ed.
210 ## - Publicação
Local de publicação Porto
Nome do editor Porto Editora
Data de publicação 2016
215 ## - Descrição física 
Paginação / Volumes 79 p.
Dimensões 20 cm
225 ## - Colecção 
Título próprio da colecção Educação Literária
500 ## - Título uniforme
Título uniforme O Rapaz e o Robô
600 ## - Nome de pessoa usado como assunto
Apelido Soares
Nome Luísa Ducla
700 ## - Autor principal (pessoa individual)
-- 070
Apelido Soares
Nome Luísa Ducla
701 ## - Co-autor principal (pessoa individual)
-- 440
Apelido Folgueira
Nome Rodrigo
ID Autoridade 3657
801 ## - Fonte de origem
País PT
Regras de catalogação RPC
990 ## - Elementos KOHA
Tipo de documento Livro
994 ## - Estado da catalogação
-- COMP
Exemplares
Situação do levantamento Estado Biblioteca de origem Biblioteca de empréstimo Código de barras Cota Permissão de empréstimo Tipo de documento Forma de aquisição
  Completo Biblioteca da Escola Básica e Secundária Dr Isidoro de Sousa Biblioteca da Escola Básica e Secundária Dr Isidoro de Sousa 7525 087.5 SOA Disponível Livro  
  Completo Biblioteca da Escola Básica e Secundária Dr Isidoro de Sousa Biblioteca da Escola Básica e Secundária Dr Isidoro de Sousa 7609 087.5 SOA Disponível Livro  




Powered by Koha